Normal view
MARC view
- Masood, Sabeen
Entry Personal Name
001 - CONTROL NUMBER
- control field: 120722
003 - CONTROL NUMBER IDENTIFIER
- control field: NUST
005 - DATE AND TIME OF LATEST TRANSACTION
- control field: 20240219153514.0
008 - FIXED-LENGTH DATA ELEMENTS
- fixed length control field: 240219|| aca||aabn | a|a d
040 ## - CATALOGING SOURCE
- Original cataloging agency: NUST
- Transcribing agency: NUST
100 ## - HEADING--PERSONAL NAME
- Personal name: Masood, Sabeen
670 ## - SOURCE DATA FOUND
- Source citation: Work cat.: (NUST): Masood, Sabeen, A Novel Framework for Software Testing of Multiprocessor Based Embedded System with of High Speed Synchronous Interfaces/
